000 00604nam a2200181Ia 4500
008 090124s9999 xx 000 0 und d
082 _b25989
_a2711
100 _aपरदेशी दि. जी. (परदेशी दिलीप जी.)
245 _a कहाणी
250 _a1
260 _c1989
300 _a68
600 _aपरदेशी दि. जी. (परदेशी दिलीप जी.)
630 _a कहाणी
700 _aपरदेशी दि. जी. (परदेशी दिलीप जी.)
730 _a कहाणी
942 _cBOOK
999 _c139474
_d139474